000 00714nam a2200217 i 4500
003 DO-SdBNP
005 20230815145109.0
006 a||||gr|||| 00| 0
007 ta
008 230815e2009 dr ao||| |||| 00| 0 spa d
040 _aDO-SdBNP
_bspa
_cBNPHU
_erda
082 4 _222
_bP592c
100 1 _aPichardo Cruz, Daniel Nicanor
_973458
_eautor
245 _aCasa natal y solariega de Juan Pablo Duarte fundador de la República. /
_cDaniel Nicanor Pichardo Cruz.
264 1 _aSanto Domingo :
_bAlfa Beta,
_c2009
300 _a19 páginas :
_bIlustraciones, fotografías ;
_c21 cm.
490 _aCuartilla Duartiana
490 _aLectura de la Patria ;
_v3
590 _aInventariado 2023 / MF
942 _2ddc
_cLF2
999 _c54431
_d54431